000
002690000a22000970004500
100
1
_a
Milován, Guillermo
245
1
0
_a
La parábola del tiempo y sus limitaciones
300
_a
Vol. 55, Núm 246 (2000), Páginas 8-10
773
0
_t
La Biblia de las Américas
942
_c
ANA
999
_c
51576
_d
51576